Seasons of the year (Record no. 4113)
[ view plain ]
| 000 -LEADER | |
|---|---|
| fixed length control field | 00300nam a22001097a 4500 |
| 008 - FIXED-LENGTH DATA ELEMENTS--GENERAL INFORMATION | |
| fixed length control field | 250121b ||||| |||| 00| 0 eng d |
| 020 ## - INTERNATIONAL STANDARD BOOK NUMBER | |
| International Standard Book Number | 9781499484137 |
| 082 ## - DEWEY DECIMAL CLASSIFICATION NUMBER | |
| Classification number | 508 BRU |
| 100 ## - MAIN ENTRY--PERSONAL NAME | |
| Personal name | Harriet Brundle |
| Relator term | Brundle,Harriet |
| 245 ## - TITLE STATEMENT | |
| Title | Seasons of the year |
| 942 ## - ADDED ENTRY ELEMENTS (KOHA) | |
| Source of classification or shelving scheme | |
| Classification part | 508 BRU |
| Withdrawn status | Lost status | Source of classification or shelving scheme | Damaged status | Not for loan | Permanent Location | Current Location | Date acquired | Full call number | Barcode | Date last seen | Price effective from | Collection code | Shelving location | Total Checkouts | Date due | Date last checked out | Koha item type | Public note |
|---|---|---|---|---|---|---|---|---|---|---|---|---|---|---|---|---|---|---|
| KH8 Primary School Library | KH8 Primary School Library | 2025-01-21 | 508 BRU | KHPL000002273 | 2025-12-05 | 2025-01-21 | ||||||||||||
| KH8 Primary School Library | KH8 Primary School Library | 2025-01-21 | 508 BRU | 3KHPL000002273 | 2026-04-15 | 2025-01-21 | Non-Fiction | Non Fiction | 2 | 2026-04-23 | 2026-04-15 | Books - Non Ficton | PRIMARY LIBRARY |